MARC детайли
| 000 -Лидер |
| Контролно поле с фиксирана дължина |
02493nam a2200457 a 4500 |
| 003 - Код на организацията, давaща контролен номер |
| Контролно поле |
BLK |
| 005 - Дата и час на последна редакция |
| Контролно поле |
20240703152957.0 |
| 008 - Елементи от данни с фиксирана дължина |
| fixed length control field |
180408b bul|||||r ||||||| ||bul|| |
| 010 ## - Наследен системен номер |
| LC control number |
KNG00091592000 |
| 020 ## - Международен стандартен номер на книга ISBN |
| Международен стандартен номер на книга ISBN |
978-954-91928-4-1 |
| 040 ## - Източник на каталожния запис |
| Идентификатор на билиотеката - собственик на записа |
BLK |
| 041 ## - Код за език |
| Код за езика на текст/звукозапис или на отделно заглавие |
Български |
| Код за езика КДБФ |
Български |
| 072 #7 - Код за тематичната категория |
| Код организация |
bullib |
| Код за тематична категория |
К |
| Текст |
Краезнание |
| 080 ## - УДК |
| Текстов определител УДК |
Приготвяне на храна и различни блюда |
| УДК код - определител по УДК |
641.55/.56 |
| УДК определител |
(083.1) |
| УДК - код + определител |
641.55/.56(083.1) |
| 080 ## - УДК |
| Текстов определител УДК |
Цивилизация. Култура. Прогрес. История на културата вж 930.85 |
| УДК код - определител по УДК |
008 |
| УДК определител |
(497.215)(092) |
| УДК - код + определител |
008(497.215)(092) |
| 080 ## - УДК |
| Текстов определител УДК |
Биографии |
| УДК код - определител по УДК |
929 |
| УДК определител |
(497.215) |
| УДК - код + определител |
929(497.215) |
| 100 ## - Редна дума - Автор |
| Автор |
Якимова-Фурнаджиева, Аделаида Любомирова |
| Дати, свързани с автора |
1957- |
| Автор - информация (биография) |
Оперна певица, оперен режисьор |
| Авторска отговорност |
първи автор |
| R(LIN) |
286278 |
| 139 ## - Редно поле |
| Редна дума |
Щипка канела |
| Авторски знак |
Щип - Щ 42 |
| 245 10 - Сведения за заглавието |
| Заглавие |
Щипка канела |
| Подзаглавни данни |
Кулинарните шедьоври на русенския арт : Сб. очерци |
| Редно поле (дума) |
Аделаида Якимова и др. ; ред. Стефка Тодорова |
| 257 ## - Страна на издаване |
| Страна на създаване/издаване |
България |
| 260 ## - Област на издателските данни |
| Място на издаване, разпространение и проч. |
Русе |
| Име на издателя, разпространителя и проч. |
Бряг |
| Година на издаване |
2009 |
| Печатница |
Разград : Полиграф |
| 300 ## - Физическа характеристика |
| Страници |
128 с. |
| Илюстрации и др. |
със сн. |
| Размери/Мащаб |
20 см |
| 380 ## - Жанр |
| Жанр |
Техника |
| 500 ## - Общи забележки |
| Забележка |
Други авт.: Б. Шандуркова, В. Първанов, В. Радкова, В. Пенчева, В. Ангелов, Дж. Стоева, Ес. Попова, Ж. Пиротски, Ив. Иванов, Н. Иванова, Ивена, Ис. Пецов, М. Цветкова, М. Ангелова, М. Зебилянова, О. Жеков, П. Монев, Р. Константинова, Р. Владимирова, Цв. Русинов. - Изд. на Фонд. Бряг, Община Русе. Отд. Култура. - Рецептурен показалец. |
| 650 #4 - Допълнително описание по предмет – тема |
| Основно описание – тема или топоним |
Кулинария - рецепти |
| 9 (RLIN) |
248335 |
| 650 #4 - Допълнително описание по предмет – тема |
| Основно описание – тема или топоним |
Русе - култура - дейци |
| 9 (RLIN) |
298976 |
| 651 #4 - Допълнително описание по предмет - топоним |
| Географско понятие |
Русе |
| 9 (RLIN) |
179462 |
| 651 #4 - Допълнително описание по предмет - топоним |
| Географско понятие |
България |
| 9 (RLIN) |
241624 |
| 653 ## - Ключова дума – ненормативна |
| Ключова дума |
културни дейци |
| 653 ## - Ключова дума – ненормативна |
| Ключова дума |
готварски рецепти |
| 653 ## - Ключова дума – ненормативна |
| Ключова дума |
очерци |
| 659 ## - Тематичен бюлетин |
| Тематичен бюлетин |
К |
| 659 ## - Тематичен бюлетин |
| Тематичен бюлетин |
Н |
| 852 ## - Местоположение |
| Форматна сигнатура |
Цб 245488 |
| 856 4# - Електронен адрес и достъп |
| Електронен формат |
pdf - файл |
| Инструкция (цена за достъп) |
0.00 |
| Права за достъп |
disable |
| 856 4# - Електронен адрес и достъп |
| Електронен формат |
pdf - файл |
| Инструкция (цена за достъп) |
0.00 |
| Права за достъп |
disable |
| 999 ## - СИСТЕМНИ КОНТРОЛНИ НОМЕРА |
| Koha biblionumber |
86964 |
| Koha biblioitemnumber |
86964 |
| 942 ## - АРТИКУЛИ |
| Вид на библиотечния материал |
Книги |
| Скрит в OPAC |
Не |
| Koha issues (borrowed), all copies |
1 |
| Периодичен библиозапис |
Да |
| 944 ## - СЪЗДАВАНЕ И РЕДАКЦИЯ на ЗАПИСА |
| Създаване/Редакция |
Създаване |
| Дата на регистрацията/редакция |
26.09.2009 |
| Статус, дата на статуса |
Христина Везирева |
| Служител, извършил регистрацията/редакцията |
30535 |
| 944 ## - СЪЗДАВАНЕ И РЕДАКЦИЯ на ЗАПИСА |
| Създаване/Редакция |
Редакция |
| Дата на регистрацията/редакция |
02.11.2010 |
| Статус, дата на статуса |
ф / |
| 999 ## - СИСТЕМНИ КОНТРОЛНИ НОМЕРА |
| Koha biblioitemnumber |
86964 |